000 00900nam a2200217Ia 4500
003 OSt
005 20260122193746.0
007 ca aa aaaaa
008 201103s9999 xx 000 0 und d
040 _cSSBUL
041 _abur
082 _a၂၉၄.၃၈၂၃
_bဗုဓ်
100 _a ဗုဓ်၊ ဦး
_917425
245 0 _aဓမ္မစကြာပါဌ်နိဿယ ၊
_bပရိတ္တပါဠိ၊ ပရိတ်ကြီးပါဠိတော်နှင့်မေတ္တာဘာဝနာပွားနည်း /
_cဦးဗုဓ်။
260 _aရန်ကုန် ၊
_bသာသနာရေးဦးစီးဌာန၊
_c၁၉၈၅/ ၁၉၈၇။
300 _a၄၁ စာ/ ၃၇ စာမျက်နှာ ၊
_c၁၈ စင်တီ။
500 _aS-SAT: Dr. Prof Sai Aung Tun
942 _cBK1
942 _2ddc
942 _2ddc
999 _c16866
_d16866